000 01880nam0a2200337 4500
001 RU\NLR\bibl\1422097
005 20250615214843.0
010 _a978-5-9948-0054-6
_9100
021 _aRU
_b2009-63106
_93892
035 _a(NLR Aleph) 001414036
090 _a1300655
_c1300655
100 _a20091009d2008 |||y0rusy50 ca
101 0 _arus
102 _aRU
105 _aa |||||||||
200 1 _aДиагностика оборудования химических предприятий
_eучебное пособие
_e[для студентов, обучающихся по специальности 170500 "Машины и аппараты химических производств и предприятий строительных материалов"]
_fО.А. Тишин, С.В. Лапшина
_gФедер. агентство по образованию, Волж. политехн. ин-т (фил.) Волгогр. гос. техн. ун-та
210 _aВолгоград
_cВолгоградский государственный технический университет
_d2008
215 _a102 с.
_cил.
_d20
320 _aБиблиогр.: с. 97-98 (21 назв.)
606 1 _aХимическое оборудование
_jУчебные издания для высших учебных заведений
_xТехническая диагностика
_92230645
_3RU\NLR\auth\661338859
686 _aЛ11-5-082.051я73-1
700 1 _4070
_aТишин
_bО. А.
_cд-р техн. наук
_gОлег Александрович
_9151494
_3RU\NLR\AUTH\770151532
701 1 _aЛапшина
_bС. В.
_gСветлана Владимировна
_4070
801 0 _aRU
_bNLR
_c20091009
_gRCR
801 1 _aRU
_bNLR
_c20091009
830 _aАвт. по кн.
942 _cBOOK
980 _aNB
980 _aNBR